Datum a čas kvízu
40.5
Celkem bodů
Celkový počet nahraných bodů na tomto kvízu bez doplňovacích otázek.
4.
Pořadí na kvízu
Konečné umístění týmu na tomto kvízu.
Zaznamenané odpovědi
| # | Otázka | Odpověď | Body | Výsledky |
|---|---|---|---|---|
| 1. | Národní protidrogový koordinát... | Pavel Bém | 1 | |
| 2. | Dva albínští buvoli z Bangladé... | Donald Trump, Benjamin Netanjahu | 1 | |
| 3. | V letošním ročníku pěvecké sou... | Jakub Prachař, Calin | 1 | |
| 4. | V sobotu v Montrealu proběhla... | striptérky | 0 | |
| 5. | Tento úspěšný španělský fotbal... | Guardiola; Manchester City | 1 | |
| 6. | Téma začneme blbounem nejapným... | Nizozemci (Holanďané) | 0 | |
| 7. | Na které fotografii je ločidlo... | B) | 0 | |
| 8. | Pro označení kohouta můžeme v... | cock | 1 | |
| 9. | U ptáků ještě zůstaneme. Pica... | straka | 1 | |
| 10. | Poslední název je spíše roztom... | střevíčník pantoflíček | 1 |